| 000 | 004140000a22001690004500 | ||
|---|---|---|---|
| 003 | MACL | ||
| 005 | 20160109114017.0 | ||
| 008 | 160109b xxu||||| |||| 00| 0 eng d | ||
| 040 |
_aMACL _cMACL |
||
| 041 | _aEnglish | ||
| 082 | _a800/MUR | ||
| 100 |
_aMurray, Gilbert _930166 |
||
| 245 | _aEuripides And His Age | ||
| 260 |
_bHenry Holt & Co. _aLondon |
||
| 650 |
_aLiterature _930167 |
||
| 942 |
_cBK _k800/Mur _2ddc |
||
| 999 |
_c36523 _d36523 |
||